00391nam a22001577a 4500003000500000005001700005008004100022020001800063040000600081082001600087100001800103245003700121260002900158300001200187650003400199CEME20210628202235.0210210b xxu||||| |||| 00| 0 eng d a3-540-22242-1 c. a620.106 FLU aMerzkirch , W aFluid mechanics of flow metering aNEW YORKbSPRINGERc2005 aXI,256P aFLUID MECHANICS.FLOW METERING